000 01669nim a2200397 i 4500
001 197156
003 ES-MaACL
005 20250828062547.0
007 ss lsnjlcipnne
008 290425s1990 sp nnnn |||| 00| spa d
040 _bspa
_cES-MaACL
245 0 0 _aPresentación del IV Congreso Internacional Galdosiano
_h[Grabación sonora] :
_bque se celebrará en abril en las Palmas de Gran Canaria
260 _aMadrid :
_bAteneo de Madrid,
_c1990
300 _a1 casete (ca. 90 min) :
_bson. ;
_c11 cm
490 1 _3Actos culturales en el Ateneo de Madrid
518 _aGrabado el 29 de enero de 1990 en el Salón de Actos del Ateneo de Madrid.
520 _aPresentación del IV Congreso Internacional Galdosiano que se celebrará en el mes de abril en las Palmas de Gran Canaria.
540 _aDocumento inédito
594 _5Datos basados en la casete.
600 1 4 _aPérez Galdós, Benito,
_d1843-1920
_990871
610 2 0 _aAteneo de Madrid-
_xActos culturales-
_y1990-
_vGrabaciones sonoras
_9240083
653 _aArchivo de la palabra
655 0 _aConferencias
_9234444
700 1 _aPrat, José,
_993665
_eora
_d1905-1994
700 1 _aPalomo, María del Pilar,
_9144616
_eora
_d1933-
700 1 _aAyala, Francisco,
_924111
_eora
_d1906-2009
700 1 _aGarcía Bolta, María Isabel
_9240159
_eora
700 1 _aArencibia, Yolanda
_922611
_eora
700 0 _aNuez, Sebastián de la
_986128
_eora
710 2 _aAteneo de Madrid
_ehis
_91875
830 0 _aActos culturales en el Ateneo de Madrid
_9240237
852 _aES-MaACL
_cDEPOZ
_9205141
942 _2udc
_n0
_cCINTASAUD
999 _c197156
_d197156